000 00933nam a2200277 i 4500
001 188699
003 SpMaBN
005 20231223104107.0
008 190204s2018 cc a |||| | spa d
020 _a978-986-94951-6-5
080 _a791.862
100 1 _aCampos Cañizares, José.
_9138349
245 1 0 _aToreo clásico contemporáneo /
_cJosé Campos Cañizares.
250 _a1ª ed.
260 _aTaichung, Taiwán :
_bCatay,
_c2018.
300 _a646 p. :
_bil. col. y n. ;
_c24 cm.
490 1 _aOrígenes ;
_vn. 3
500 _aÍndices.
504 _aBibliografía: p. 611-646.
650 0 7 _aTauromaquia.
_917288
830 0 _aOrígenes ;
_vn. 3
_9192810
852 _aES-MaACL
_jA-14306
_9195832
_bR.152322
_cDEPO1
_dOlim: N-7306
_gDedicatoria autógrafa del autor
_hDonación: José Campos Cañizares
903 _9138349
_aCampos Cañizares, José
_ednr
942 _2udc
_cMONOGRAFIA
999 _c188699
_d188699